000 00514 a2200205 4500
005 20240517113923.0
010 _aB-759077
020 _a9789354710612
_c399.00
035 _aB-759077
037 _bGift/10.5.24
082 _aN
100 _aSlade, Arthur
_966304
245 _aDragon Assassin/
_bArthur Slade
260 _aUK
_bScholastic
_c2022
270 _aUK
300 _a356 p.
_c20cm (Pb)
700 _966089
942 _adpl
_cCH
_2ddc
_hN
_mSLA
999 _c202914
_d202914